00563nam a2200157Ia 450000500170000000800410001702000180005805000220007610000440009824501060014226000340024830000180028250000210030065000370032170000470035820231102150859.0120626s2009 mx 000 0 spa d a9789701514511 aZ244.64bC68 2009 aCoviella Corripio, José Manueleautor aGuía de campo de InDesign CS3c / José Manuel Coviella Corripio, Miguel Ángel Coviella Corripio aMéxicob: Alfaomegac, 2009 a366 páginas aIncluye índice aINDESIGN vARCHIVOxCOMPUTADORA aCoviella Corripio, Miguel Ángelecoautor